000 00673cam a2200145 4500500
005 20260208005838.0
041 _afre
042 _adc
100 1 0 _aLarrat, Jean-Claude
_eauthor
245 0 0 _aJOËL LOEHR, Répétitions et variations chez André Malraux. « La Condition humaine », « L’Espoir ». Paris, Honoré Champion, « Littérature de notre siècle », 2004. Un vol. de 322 p.
260 _c2005.
500 _a2
786 0 _nRevue d'histoire littéraire de la France | 105 | 4 | 2005-10-01 | p. 1031z-1076z | 0035-2411
856 4 1 _uhttps://shs.cairn.info/revue-d-histoire-litteraire-de-la-france-2005-4-page-1031z?lang=fr&redirect-ssocas=7080
999 _c1654064
_d1654064